<?xml version="1.0" encoding="UTF-8"?>
<marc:record xmlns:marc="http://www.loc.gov/MARC21/slim">
   <marc:leader>00000nam a2200000 a 4500</marc:leader>
   <marc:datafield ind1="1" ind2=" " tag="100">
      <marc:subfield code="a">Orths, Markus</marc:subfield>
      <marc:subfield code="4">aut</marc:subfield>
      <marc:subfield code="e">Verfasser/-in</marc:subfield>
   </marc:datafield>
   <marc:datafield ind1="1" ind2=" " tag="100">
      <marc:subfield code="a">Garbers, Sarah</marc:subfield>
      <marc:subfield code="4">ill</marc:subfield>
      <marc:subfield code="e">Illustrator/-in</marc:subfield>
   </marc:datafield>
   <marc:datafield ind1=" " ind2=" " tag="653">
      <marc:subfield code="a">Softcover / Kinder- und Jugendbücher/Vorlesebücher</marc:subfield>
   </marc:datafield>
   <marc:datafield ind1=" " ind2=" " tag="653">
      <marc:subfield code="a">Neinhorn</marc:subfield>
   </marc:datafield>
   <marc:datafield ind1=" " ind2=" " tag="653">
      <marc:subfield code="a">Crazy Family</marc:subfield>
   </marc:datafield>
   <marc:datafield ind1=" " ind2=" " tag="653">
      <marc:subfield code="a">Marc-Uwe Kling</marc:subfield>
   </marc:datafield>
   <marc:datafield ind1=" " ind2=" " tag="653">
      <marc:subfield code="a">Wortspiele Kinderbuch</marc:subfield>
   </marc:datafield>
   <marc:datafield ind1=" " ind2=" " tag="653">
      <marc:subfield code="a">Bilderbuch Markus Orths</marc:subfield>
   </marc:datafield>
   <marc:datafield ind1=" " ind2=" " tag="653">
      <marc:subfield code="a">Snöfried aus dem Wiesental</marc:subfield>
   </marc:datafield>
   <marc:datafield ind1=" " ind2=" " tag="653">
      <marc:subfield code="a">Humorvolles Vorlesebuch ab 5</marc:subfield>
   </marc:datafield>
   <marc:datafield ind1=" " ind2=" " tag="653">
      <marc:subfield code="a">Vorlesegeschichte ab 5 Jahren</marc:subfield>
   </marc:datafield>
   <marc:datafield ind1=" " ind2=" " tag="653">
      <marc:subfield code="a">Fantasievolles Bilderbuch ab 5</marc:subfield>
   </marc:datafield>
   <marc:datafield ind1=" " ind2=" " tag="653">
      <marc:subfield code="a">Das große Buch von Billy Backe</marc:subfield>
   </marc:datafield>
   <marc:datafield ind1=" " ind2=" " tag="653">
      <marc:subfield code="a">Gemeinsames Vorlesen Kinderbuch</marc:subfield>
   </marc:datafield>
   <marc:datafield ind1=" " ind2=" " tag="653">
      <marc:subfield code="a">Lustiges Vorlesebuch ab 5 Jahren</marc:subfield>
   </marc:datafield>
   <marc:datafield ind1=" " ind2=" " tag="653">
      <marc:subfield code="a">Witziges Vorlesebuch für Kinder</marc:subfield>
   </marc:datafield>
   <marc:datafield ind1=" " ind2=" " tag="653">
      <marc:subfield code="a">Fantasievolle Abenteuergeschichte</marc:subfield>
   </marc:datafield>
   <marc:datafield ind1=" " ind2=" " tag="653">
      <marc:subfield code="a">Karlchen hilft allen</marc:subfield>
   </marc:datafield>
   <marc:datafield ind1=" " ind2=" " tag="653">
      <marc:subfield code="a">ob sie wollen oder nicht</marc:subfield>
   </marc:datafield>
   <marc:datafield ind1=" " ind2=" " tag="653">
      <marc:subfield code="a">Vorlesebücher</marc:subfield>
   </marc:datafield>
   <marc:datafield ind1="0" ind2="0" tag="245">
      <marc:subfield code="a">King Karnickel - Die Suche nach dem Druftenschaf</marc:subfield>
   </marc:datafield>
   <marc:datafield ind1="0" ind2="0" tag="245">
      <marc:subfield code="b">Für die ganze Familie: Fantasievolle und sehr lustige Abenteuergeschichte zum Vorlesen von Crazy Family-Autor Markus Orths</marc:subfield>
   </marc:datafield>
   <marc:datafield ind1="0" ind2="0" tag="245">
      <marc:subfield code="c">Markus Orths</marc:subfield>
   </marc:datafield>
   <marc:datafield ind1=" " ind2="1" tag="264">
      <marc:subfield code="a">Bindlach</marc:subfield>
      <marc:subfield code="b">Loewe</marc:subfield>
      <marc:subfield code="c">2026</marc:subfield>
   </marc:datafield>
   <marc:datafield ind1=" " ind2=" " tag="250">
      <marc:subfield code="a">1. Auflage</marc:subfield>
   </marc:datafield>
   <marc:datafield ind1="1" ind2=" " tag="520">
      <marc:subfield code="a">Loewe-Bücher: garantiert ohne KI
&lt;br&gt;
&lt;br&gt;
&lt;br&gt;
&lt;br&gt;
Was zur Wolle ist ein Druftenschaf?
&lt;br&gt;
King Karnickel ist wirklich gern ein König. Er lebt in einem prächtigen Palast zusammen mit seinem Diener Lothar. Und jeden Morgen nach dem Regieren dürfen sie ihr Lieblingsspiel spielen: Dinge erfinden.
&lt;br&gt;
&lt;br&gt;
Eines Tages erhält King Karnickel einen wichtigen Auftrag. Er soll etwas finden. Nicht er-finden! Ein DRUFTENSCHAF. Aber was ist das überhaupt? Für dieses Abenteuer müssen King Karnickel und Lothar den Palast verlassen. Zum ersten Mal in ihrem Leben ...
&lt;br&gt;
&lt;br&gt;
&lt;br&gt;
&lt;br&gt;
Ein spannendes und sprachwitziges Vorlese-Abenteuer für die ganze Familie!
&lt;br&gt;

&lt;br&gt;
&lt;br&gt;
Ab welchem Alter eignet sich King Karnickel zum Vorlesen?
&lt;br&gt;
Das Buch ist ideal zum gemeinsamen Vorlesen ab etwa 5 Jahren, weil Sprache, Länge und Bilder genau auf Vorschulkinder und Schulanfänger*innen abgestimmt sind.
&lt;br&gt;
Warum ist dieses Buch so besonders lustig?
&lt;br&gt;
Die lustigen Dialoge und fantasievollen Wortschöpfungen von Markus Orths sorgen für viele Lacher und wecken ganz nebenbei die kindliche Neugier auf Sprache und neue Begriffe.
&lt;br&gt;
Was macht King Karnickel und Lothar als Figuren so einzigartig?
&lt;br&gt;
King Karnickel verbindet königliche Würde mit herrlich versponnener Erfinderlaune, während Lothar als sprechendes Kuschelhuhn mit eigenem Kopf und trockenem Humor für überraschend komische Momente sorgt.
&lt;br&gt;
Lernt mein Kind durch das Buch auch etwas über Freundschaft?
&lt;br&gt;
Ja, die Geschichte zeigt sehr liebevoll, wie wichtig echter Zusammenhalt ist und dass wahre Freund*innen dabei helfen können, Ängste zu überwinden und mutig zu sein.
&lt;br&gt;
Kann das Buch Kindern helfen, ihre Sprachfähigkeiten zu verbessern?
&lt;br&gt;
Ja, der spielerische Umgang mit Wörtern und Bedeutungen regt Sprachverständnis, Sprachkompetenz und Kreativität an. Es eignet sich auch hervorragend für den pädagogischen Einsatz in Kindergarten und Grundschule.
&lt;br&gt;
</marc:subfield>
   </marc:datafield>
   <marc:datafield ind1=" " ind2=" " tag="020">
      <marc:subfield code="a">9783743224568</marc:subfield>
      <marc:subfield code="9">9783743224568</marc:subfield>
   </marc:datafield>
   <marc:datafield ind1=" " ind2=" " tag="020">
      <marc:subfield code="a">3743224569</marc:subfield>
      <marc:subfield code="9">3743224569</marc:subfield>
   </marc:datafield>
   <marc:datafield ind1=" " ind2=" " tag="041">
      <marc:subfield code="a">ger</marc:subfield>
   </marc:datafield>
   <marc:datafield ind1=" " ind2=" " tag="300">
      <marc:subfield code="a">128 Seiten</marc:subfield>
   </marc:datafield>
</marc:record>
